000 00491cam a2200145 4500500
005 20260322004831.0
041 _afre
042 _adc
100 1 0 _aToranian, Valérie
_eauthor
245 0 0 _aLa France à l’heure d’un nouveau conservatisme
260 _c2022.
500 _a63
786 0 _nRevue des deux Mondes | Javier-Février | 1 | 2022-02-01 | p. 4-7 | 2266-4734
856 4 1 _uhttps://shs.cairn.info/revue-revue-des-deux-mondes-2022-1-page-4?lang=fr&redirect-ssocas=7080
999 _c1743473
_d1743473